[Event "Montesilvano Easter op"]
[Site "Montesilvano"]
[Date "2025.04.18"]
[Round "1"]
[White "Di Benedetto, Edoardo"]
[Black "Tondi, Aurelio"]
[Result "1-0"]
[WhiteElo "2431"]
[BlackElo "1990"]
[PlyCount "75"]
[EventDate "2025.04.18"]
[EventType "tourn"]
[EventRounds "6"]
[EventCountry "ITA"]
[SourceTitle "CB17_2025"]
[SourceDate "2025.04.23"]
[SourceVersion "1"]
[SourceVersionDate "2025.04.23"]
[SourceQuality "1"]

1. d4 g6 2. c4 Bg7 3. Nf3 c5 4. d5 d6 5. Nc3 Bxc3+ 6. bxc3 e5 7. dxe6 Bxe6 8. Bf4 Qf6 9. Qd2 Nc6 10. e4 Ne5 11. Nxe5 dxe5 12. Bg5 Qg7 13. Qd6 h6 14. Bh4 Nf6 15. Qxc5 g5 16. Bg3 Nd7 17. Qa3 Qf8 18. Qb2 Qc5 19. Be2 Bxc4 20. 0-0 Be6 21. Qxb7 Rb8 22. Qa6 0-0 23. h4 Rb2 24. Qd3 Rc8 25. hxg5 hxg5 26. Rfc1 Rc7 27. Qd1 Bxa2 28. Bg4 Nf6 29. Qf3 Nxg4 30. Qxg4 Qe7 31. c4 f6 32. c5 Be6 33. Qh5 Bf7 34. Qh6 Rb5 35. Ra6 Be6 36. Bxe5 fxe5 37. Rxe6 Rb6 38. Rxe7 1-0

[Event "Kaltern op 7th"]
[Site "Kaltern"]
[Date "2024.10.19"]
[Round "2"]
[White "Tondi, Aurelio"]
[Black "Panjkovic, Aleksandar"]
[Result "1/2-1/2"]
[WhiteElo "1987"]
[BlackElo "2051"]
[PlyCount "199"]
[EventDate "2024.10.18"]
[EventType "swiss"]
[EventRounds "5"]
[EventCountry "ITA"]
[SourceTitle "CB43_2024"]
[Source "Chessbase"]
[SourceDate "2024.10.23"]
[SourceVersion "1"]
[SourceVersionDate "2024.10.23"]
[SourceQuality "1"]

1. e4 d6 2. d4 Nf6 3. Nc3 c6 4. a4 Nbd7 5. Nf3 e5 6. dxe5 dxe5 7. Bc4 Bb4 8. 0-0 0-0 9. Qe2 Qc7 10. Bg5 h6 11. Bh4 Nh5 12. Ne1 Nf4 13. Qf3 Nb6 14. Bb3 Be6 15. Bxe6 Nxe6 16. Nd3 Nd4 17. Qg4 Be7 18. a5 Nc4 19. Ra4 b5 20. axb6 Nxb6 21. Bxe7 Qxe7 22. Ra5 Nc4 23. Rc5 Nxb2 24. Rxe5 Qa3 25. Nb1 Qd6 26. Rh5 Nxd3 27. cxd3 a5 28. f4 Nc2 29. Qe2 Nb4 30. Rh3 Rfd8 31. g4 Nxd3 32. e5 Qd4+ 33. Qe3 a4 34. Na3 Rab8 35. Rd1 Qxe3+ 36. Rxe3 Nxf4 37. Rxd8+ Rxd8 38. Re4 Rd1+ 39. Kf2 Ra1 40. Rxf4 Rxa3 41. Rc4 Kf8 42. Rxc6 Rb3 43. Ra6 a3 44. Ra7 Ke8 45. h4 g6 46. h5 gxh5 47. gxh5 Rh3 48. Kg2 Rxh5 49. Rxa3 Rxe5 50. Ra8+ Ke7 51. Kf3 Kf6 52. Kf4 Rf5+ 53. Kg4 h5+ 54. Kh4 Kg7 55. Rb8 f6 56. Ra8 Kg6 57. Rg8+ Kf7 58. Rh8 Rg5 59. Ra8 Kg6 60. Rg8+ Kf5 61. Ra8 Rg1 62. Ra5+ Kg6 63. Ra8 Rg4+ 64. Kh3 Kg5 65. Rg8+ Kf4 66. Rh8 h4 67. Ra8 f5 68. Ra4+ Kg5 69. Ra3 Re4 70. Rb3 Re1 71. Ra3 Re4 72. Rb3 Kf6 73. Rb5 Rg4 74. Ra5 Rf4 75. Rb5 Kg5 76. Rb8 Rf3+ 77. Kg2 Ra3 78. Rb4 h3+ 79. Kh2 f4 80. Rb8 Kg4 81. Rg8+ Kf3 82. Kxh3 Kf2+ 83. Kh2 f3 84. Rb8 Ra2 85. Rb3 Ke1+ 86. Kg3 f2 87. Rb1+ Ke2 88. Kg2 Rd2 89. Ra1 Kd3 90. Ra3+ Ke2 91. Ra1 Rb2 92. Rc1 Kd2 93. Ra1 Ke3 94. Ra3+ Ke2 95. Ra1 Rb8 96. Ra2+ Ke1 97. Ra1+ Ke2 98. Ra2+ Ke3 99. Ra3+ Ke2 100. Kh3 1/2-1/2

[Event "ITA-ch sf 83rd"]
[Site "Parma"]
[Date "2024.07.23"]
[Round "4"]
[White "Floris, Federico"]
[Black "Tondi, Aurelio"]
[Result "1/2-1/2"]
[WhiteElo "2145"]
[BlackElo "1931"]
[PlyCount "111"]
[EventDate "2024.07.21"]
[EventType "swiss"]
[EventRounds "9"]
[EventCountry "ITA"]
[SourceTitle "CBM 221 Extra"]
[Source "ChessBase"]
[SourceDate "2024.09.30"]
[SourceVersion "1"]
[SourceVersionDate "2024.09.30"]
[SourceQuality "1"]

1. e4 e6 2. d4 d5 3. Nc3 Nf6 4. e5 Nfd7 5. f4 c5 6. Nf3 Nc6 7. Be3 Qb6 8. Na4 Qa5+ 9. c3 cxd4 10. b4 Nxb4 11. cxb4 Bxb4+ 12. Bd2 Bxd2+ 13. Nxd2 b6 14. Bd3 Nc5 15. Nxc5 bxc5 16. 0-0 Bd7 17. Qe2 0-0 18. Nf3 f6 19. exf6 Rxf6 20. Bxh7+ Kxh7 21. Ng5+ Kg8 22. Qh5 Be8 23. Qh7+ Kf8 24. Qh8+ Ke7 25. Rae1 Kd6 26. Qg8 Bc6 27. Rxe6+ Rxe6 28. Qxe6+ Kc7 29. Qe5+ Kb6 30. Rb1+ Ka6 31. Ne6 Rc8 32. Qd6 Qxa2 33. Nxc5+ Ka5 34. Nb7+ Ka6 35. Nc5+ Ka5 36. Nb3+ Kb6 37. Qc5+ Kc7 38. Re1 Kb8 39. Nxd4 Qc4 40. Nxc6+ Rxc6 41. Re8+ Kb7 42. Re7+ Kc8 43. Qxc4 dxc4 44. Rxa7 c3 45. Ra1 Kd7 46. Kf2 Ke6 47. Ke3 c2 48. Kd2 Kf5 49. Kc1 Kxf4 50. Ra4+ Ke3 51. Rg4 g6 52. Rg5 Kf4 53. h4 Ke4 54. h5 gxh5 55. Rxh5 Rg6 56. Kxc2 1/2-1/2